Prírode blízke vegetačné štruktúry v mestách a ich manažment

Strata biodiverzity a klimatické zmeny patria k najväčším súčasným výzvam ľudstva. Kľúčová úloha zelenej infraštruktúry na zachovanie biodiverzity. Správa a údržba zelene v mestských sídlach prostredníctvom prírode blízkeho manažmentu zelene. Trávnaté plochy - príklady navrhovaných postupov prírode...

Ausführliche Beschreibung

Gespeichert in:
Bibliographische Detailangaben
1. Verfasser: Hudeková, Zuzana
Format: Buchkapitel
Sprache:Slowakisch
Schlagworte:
Tags: Tag hinzufügen
Keine Tags, Fügen Sie das erste Tag hinzu!

MARC

LEADER 00000naa a2200000 4500
001 0243656
005 20180528135823.6
041 0 |a slo 
044 |a SK 
245 1 0 |a Prírode blízke vegetačné štruktúry v mestách a ich manažment  |c Zuzana Hudeková 
520 |a Strata biodiverzity a klimatické zmeny patria k najväčším súčasným výzvam ľudstva. Kľúčová úloha zelenej infraštruktúry na zachovanie biodiverzity. Správa a údržba zelene v mestských sídlach prostredníctvom prírode blízkeho manažmentu zelene. Trávnaté plochy - príklady navrhovaných postupov prírode blízkej údržby zelene. Intenzita kosenia. Premena časti trávnika na kvitnúcu lúku. Odburiňovanie - príklady navrhovaných postupov prírode blízkej údržby zelene. 
610 2 0 |a infraštruktúra zelená 
610 2 0 |a diverzita biologická 
610 2 0 |a mestá 
610 2 0 |a manažment 
100 1 |a Hudeková, Zuzana